| 000 | 00694nam a2200289Ia 4500 | ||
|---|---|---|---|
| 005 | 20260324142419.0 | ||
| 008 | 008 260324s9999 xx 000 0 eng d | ||
| 020 | _a9780203429587 | ||
| 037 | _aEBOOK | ||
| 040 | _aCRL | ||
| 040 | _beng | ||
| 040 | _cCRL | ||
| 041 | _2eng | ||
| 041 | _aeng | ||
| 084 | _qCRL | ||
| 100 |
_aKees van Kersbergen _91211850 |
||
| 245 | 0 | _aSocial Capitalism | |
| 245 | 2 | _bA Study of Christian Democracy and the Welfare State | |
| 260 | _bTaylor and Francis | ||
| 260 | _c1995 | ||
| 365 | _a | ||
| 365 | _b300 | ||
| 856 | _uhttp://www.taylorfrancis.com/books/9780203429587 | ||
| 942 | _cEBOOK | ||
| 999 |
_c1816017 _d1816017 |
||